000 00292nam a22001337a 4500
008 170613b xxu||||| |||| 00| 0 eng d
020 _a0043201563
041 _aeng
080 _a321
100 _a19
101 _aSHP
245 _aINTERNATIONAL ORGANIZATIONS
_cARCHER,C
942 _2udc
_cBK
999 _c17226
_d17226